<?xml version="1.0" encoding="UTF-8"?>
<record
    xmlns:xsi="http://www.w3.org/2001/XMLSchema-instance"
    xsi:schemaLocation="http://www.loc.gov/MARC21/slim http://www.loc.gov/standards/marcxml/schema/MARC21slim.xsd"
    xmlns="http://www.loc.gov/MARC21/slim">

  <leader>00389    a2200121   4500</leader>
  <controlfield tag="001">ART_43382</controlfield>
  <controlfield tag="005">20260410161659.0</controlfield>
  <controlfield tag="008">260409a                                 </controlfield>
  <datafield tag="245" ind1="1" ind2="0">
    <subfield code="a">Las rectificativas en menos. El error de c&#xE1;lculo en el siglo XXI</subfield>
  </datafield>
  <datafield tag="100" ind1="1" ind2=" ">
    <subfield code="a">Coronello, Silvina E.</subfield>
  </datafield>
  <datafield tag="700" ind1="1" ind2=" ">
    <subfield code="a">Iglesias Araujo, Fabiana</subfield>
  </datafield>
  <datafield tag="773" ind1="0" ind2=" ">
    <subfield code="t">Pr&#xE1;ctica profesional</subfield>
    <subfield code="g">- N&#xBA; 279 (feb. 2017)</subfield>
    <subfield code="w">REV542</subfield>
  </datafield>
  <datafield tag="999" ind1=" " ind2=" ">
    <subfield code="c">14995</subfield>
    <subfield code="d">14995</subfield>
  </datafield>
</record>
